Becoming a data-led business (Record no. 85192)

MARC details
000 -LEADER
fixed length control field 00892cab a22002655a 4500
001 - CONTROL NUMBER
control field L160224
007 - PHYSICAL DESCRIPTION FIXED FIELD--GENERAL INFORMATION
fixed length control field ta
008 - FIXED-LENGTH DATA ELEMENTS--GENERAL INFORMATION
fixed length control field 190423e2019 xxk 000 0 eng d
035 ## - SYSTEM CONTROL NUMBER
System control number (Sirsi) u160224
041 0# - LANGUAGE CODE
Language code of text/sound track or separate title eng
100 1# - MAIN ENTRY--PERSONAL NAME
Personal author Hughes, Dan
245 00 - TITLE STATEMENT
Title Becoming a data-led business
Medium {electronic resource]
260 ## - PUBLICATION INFORMATION
Date 2019
490 ## - SERIES TITLE
Series statement RICS Property Journal
Volume January-February 2019, 34-36(3)
520 ## - ABSTRACT
Abstract Looks at ways in which real estate property businesses generate data and the benefits of this and how to utilise it. Measures the value of data.
651 #4 - SUBJECT ADDED ENTRY--GEOGRAPHIC NAME
Geographic name United Kingdom
651 #4 - SUBJECT ADDED ENTRY--GEOGRAPHIC NAME
Geographic name United Kingdom 1973
690 ## - LOCAL SUBJECT ADDED ENTRY--TOPICAL TERM (OCLC, RLIN)
Topical term or geographic name as entry element Property management
9 (RLIN) 6262
700 1# - ADDED PERSONAL NAME
Added personal author Hughes, Simon
700 1# - ADDED PERSONAL NAME
Added personal author Chandler, Linda
856 40 - ONLINE RESOURCE
Public note Available free online via Issuu
Uniform Resource Identifier https://issuu.com/ricsmodus/docs/property_journal_jan-feb_19-rics/3
942 ## - ADDED ENTRY ELEMENTS (KOHA)
Suppress in OPAC Do not suppress in OPAC
Source of classification or shelving scheme Dewey Decimal Classification
590 ## - LOCAL NOTE (RLIN)
Local note NTK
651 #4 - SUBJECT ADDED ENTRY--GEOGRAPHIC NAME
Chronological subdivision
Holdings
Withdrawn status Lost status Source of classification or shelving scheme Damaged status Koha normalized classification for sorting Not for loan Home library Current library Shelving location Date acquired Total Checkouts Full call number Barcode Date last seen Copy number Price effective from Koha item type
    Dewey Decimal Classification   L_160224_000000000000000   London London Books 23/04/2019   L160224 160224-1001 06/08/2019 1 06/08/2019 Book
    Dewey Decimal Classification   ONLINE_PUBLICATION   Virtual Virtual Online 29/04/2019   ONLINE PUBLICATION 160224-2001 06/08/2019 1 06/08/2019 Journal article